Statistics for Every Argentina International Footballer From 1990-2021

Click here to take the quiz!

General Stats

  • This quiz has been taken 28 times
  • The average score is 80 of 363

Answer Stats

DebutPositionCaps/GoalsPlayer% Correct
2005FW178/103Lionel Messi
100%
2009FW70/31Gonzalo Higuain
85%
2018FW1/0Lautaro Martinez
85%
2009GK96/0Sergio Romero
85%
1977FW91/34Diego Maradona
80%
1997DF3/0Jorge Daniel Martinez
80%
2011FW4/1Juan Manuel Martinez
80%
2005MF1/0Sebastian Ariel Romero
80%
2011MF16/1Augusto Fernandez
75%
1993DF3/0Carlos Mac Allister
75%
2004FW76/13Carlos Tevez
75%
2003DF20/0Clemente Rodriguez
75%
2015DF8/0Emmnauel Mas
75%
2011DF32/3Federico Fernandez
75%
1991FW78/56Gabriel Batistuta
75%
1995FW64/35Hernan Crespo
75%
2003DF/MF147/3Javier Mascherano
75%
1994DF143/4Javier Zanetti
75%
2003MF57/16Maxi Rodriguez
75%
2006FW84/35Sergio Aguero
75%
2008MF129/28Angel Di Maria
70%
2003DF7/1Gonzalo Rodriguez
70%
2017MF1/0Guido Rodriguez
70%
2017MF1/0Ignacio Fernandez
70%
2010MF1/0Jose Luis Fernandez
70%
1999DF1/0Juan Ramon Fernandez
70%
1997MF51/17Juan Roman Riquelme
70%
2004DF5/1Leandro Fernandez
70%
1991MF28/2Leonardo Rodriguez
70%
2008FW1/0Luis Miguel Rodriguez
70%
2009DF59/4Nicolas Otamendi
70%
1996MF73/9Juan Sebastian Veron
65%
2008MF61/6Ever Banega
60%
2008MF25/1Enzo Perez
55%
2007MF22/1Jonas Gutierrez
55%
2005DF52/2Martin Demichelis
55%
2013FW7/0Mauro Icardi
55%
1994DF115/7Roberto Ayala
55%
1988MF106/11Diego Simeone
50%
2000MF52/5Esteban Cambiasso
50%
2003DF72/3Gabriel Heinze
50%
1993MF14/3Hugo Perez
50%
1995MF56/9Kily Gonzalez
50%
2016DF8/0Marcos Acuna
50%
2011DF55/2Marcos Rojo
50%
2018MF1/0Pablo Perez
50%
2011MF9/1Ricardo Alvarez
50%
2005FW27/3Rodrigo Palacio
50%
2018GK2/0Willy Caballero
50%
1995FW55/10Claudio Lopez
45%
2003FW25/4Diego Milito
45%
2007DF32/0Ezequiel Garay
45%
2000DF42/1Gabriel Milito
45%
1994MF32/4Gustavo Lopez
45%
1983MF57/13Jorge Burruchaga
45%
2011DF4/0Lisandro Lopez
45%
2005FW7/1Lisandro Lopez
45%
2011MF57/1Lucas Biglia
45%
2003MF45/7Lucho Gonzalez
45%
2003MF9/0Mariano Gonzalez
45%
1997GK4/0Nacho Gonzalez
45%
1999DF56/5Walter Samuel
45%
1987MF50/16Claudio Caniggia
40%
2009MF8/0Eduardo Salvio
40%
2017MF4/0Giovani Lo Celso
40%
2000FW39/11Javier Saviola
40%
1995DF76/12Juan Pablo Sorin
40%
2017DF3/0Nicolas Tagliafico
40%
2005DF58/0Pablo Zabaleta
40%
2015FW16/0Paulo Dybala
40%
1996MF1/0Roberto Molina
40%
2017FW6/1Alejandro Gomez
35%
2015MF8/1Angel Correa
35%
1993MF87/16Ariel Ortega
35%
1991MF13/3Claudio Garcia
35%
2007MF52/9Ezequiel Lavezzi
35%
1992MF29/1Fernando Redondo
35%
2011GK1/0Javier Garcia
35%
2017MF3/1Joaquin Correa
35%
2017DF1/0Jose Luis Gomez
35%
1995MF1/0Marcelo Gomez
35%
1983GK36/0Nery Pumpido
35%
1983DF97/7Oscar Ruggeri
35%
1999MF52/8Pablo Aimar
35%
1985MF39/0Sergio Batista
35%
2003MF28/3Andres D'Alessandro
30%
2017MF4/0Cristian Pavon
30%
2011MF23/3Erik Lamela
30%
2003DF39/1Fabricio Coloccini
30%
2011DF11/1Federico Fazio
30%
2010DF20/3Gabriel Mercado
30%
1995GK35/0German Burgos
30%
1987DF28/3Hernan Diaz
30%
2010MF31/2Javier Pastore
30%
1997FW22/3Julio Cruz
30%
1982DF32/0Julio Olarticoechea
30%
2017MF3/1Leandro Paredes
30%
1999FW15/9Martin Palermo
30%
1999DF20/2Mauricio Pochettino
30%
1983MF53/0Ricardo Giusti
30%
2004GK49/0Roberto Abbondanzieri
30%
1987DF60/0Roberto Sensini
30%
2005FW2/1Rolando Zarate
30%
1992MF1/0Sergio Zarate
30%
1989FW37/11Abel Balbo
25%
1991DF9/0Carlos Enrique
25%
1997GK16/0Carlos Roa
25%
2003DF12/1Cata Diaz
25%
1991MF22/6Dario Franco
25%
1992DF24/1Fernando Caceres
25%
2007MF62/0Fernando Gago
25%
2011DF1/0Gaston Diaz
25%
2017DF2/0German Pezzella
25%
2010DF1/0Guillermo Burdisso
25%
2014DF2/0Jonathan Silva
25%
1975FW23/7Jorge Valdano
25%
1993DF43/2Jose Chamot
25%
2005MF19/1Jose Sosa
25%
2004GK4/0Leo Franco
25%
1994MF44/13Marcelo Gallardo
25%
2009GK11/0Mariano Andujar
25%
1996MF35/1Matias Almeyda
25%
2018MF1/0Maximiliano Meza
25%
2003DF49/2Nicolas Burdisso
25%
2009MF19/2Nicolas Gaitan
25%
1996GK26/0Pablo Cavallero
25%
2015DF19/1Ramiro Funes Mori
25%
2012FW1/0Rogelio Funes Mori
25%
1999MF11/1Santiago Solari
25%
1991DF30/0Sebastian Vazquez
25%
1987GK44/0Sergio Goycochea
25%
2011GK4/0Agustin Marchesin
20%
1992FW19/3Alberto Acosta
20%
2003MF1/0Alejandro Dominguez
20%
1994GK11/0Carlos Bossio
20%
2009DF5/1Cristian Ansaldi
20%
2017FW7/0Dario Benedetto
20%
1991DF29/0Fabian Basualdo
20%
2013DF14/0Facundo Roncaglia
20%
2003DF1/0Federico Dominguez
20%
2012FW3/0Franco Di Santo
20%
1981MF23/1Gabriel Calderon
20%
1995FW10/0Guillermo Barros Schelotto
20%
1988FW7/1Gustavo Dezotti
20%
1991MF27/0Gustavo Zapata
20%
2012DF17/0Hugo Campagnaro
20%
2011DF5/0Jonatan Maidana
20%
1989MF31/0Jose Basualdo
20%
1997FW5/0Jose Luis Calderon
20%
1989DF8/0Jose Serrizuela
20%
2017MF4/0Lautaro Acosta
20%
2000DF17/0Leandro Cufre
20%
2016FW3/1Lucas Alario
20%
1984GK30/0Luis Islas
20%
2011DF6/0Mateo Musacchio
20%
2015MF10/0Matias Kranevitter
20%
1997DF3/0Mauricio Pellegrino
20%
2014GK6/0Nahuel Guzman
20%
1994DF39/1Nelson Vivas
20%
2006GK2/0Oscar Ustari
20%
2011MF1/0Pablo Piatti
20%
1996GK13/0Roberto Bonano
20%
2014MF10/0Roberto Pereyra
20%
2009DF8/0Sebastian Dominguez
20%
2005MF2/0Victor Zapata
20%
2011GK3/0Agustin Orion
15%
1999MF6/0Andres Guglielminpietro
15%
2003DF4/0Ariel Garce
15%
2003MF20/2Cesar Delgado
15%
1994MF22/0Christian Bassedas
15%
1992MF19/1Diego Cagna
15%
2000DF22/0Diego Placente
15%
2009GK3/0Diego Pozo
15%
2002DF16/0Facundo Quiroga
15%
2010FW4/1Franco Jara
15%
2007FW5/0German Denis
15%
2005GK6/0German Lux
15%
2012MF4/0Hernan Barcos
15%
1999DF11/0Hugo Ibarra
15%
2012FW1/2Ignacio Scocco
15%
2007DF2/0Javier Pinola
15%
2009MF2/0Jesus Mendez
15%
2008FW2/0Jose Gustavo Sand
15%
2013DF12/0Jose Maria Basanta
15%
1994MF7/0Juan Jose Borrelli
15%
2007GK12/0Juan Pablo Carrizo
15%
2010FW1/0Juan Pablo Pereyra
15%
2003DF7/0Lionel Scaloni
15%
2016FW5/2Lucas Pratto
15%
2004FW15/9Luciano Figueroa
15%
1995FW18/0Marcelo Delgado
15%
1997GK1/0Marcelo Ojeda
15%
2009DF4/0Marcos Angeleri
15%
2009MF12/1Mario Bolatti
15%
1996DF12/1Mauricio Pineda
15%
2009FW4/1Mauro Boselli
15%
2004MF10/1Mauro Rosales
15%
2007MF1/0Neri Cardozo
15%
2004MF1/0Nicolas Medina
15%
1987MF21/2Pedro Troglio
15%
1997DF4/0Raul Cardozo
15%
2003MF10/0Sebastian Battaglia
15%
2009MF2/1Sebastian Blanco
15%
1999DF2/0Sebastian Mendez
15%
1991MF23/2Sergio Berti
15%
2011MF2/0Tino Costa
15%
2011MF3/0Ariel Rojas
10%
1987MF7/0Blas Giunta
10%
1989FW11/2Carlos Alfaro Moreno
10%
2009GK2/0Claudio Campestrini
10%
1997MF14/1Claudio Husain
10%
2010MF4/1Cristian Chavez
10%
2011MF1/0Cristian Chavez
10%
2007MF4/0Cristian Raul Ledesma
10%
2009MF7/0Diego Perotti
10%
1981DF3/0Edgardo Bauza
10%
1996DF13/0Eduardo Berizzo
10%
2014DF3/0Emanuel Mammana
10%
2009DF6/0Emiliano Insua
10%
2009FW1/0Esteban Fuertes
10%
2018DF2/0Fabricio Bustos
10%
2003MF15/0Federico Insua
10%
2008FW3/2Gonzalo Bergessio
10%
2017MF4/0Guido Pizarro
10%
2009MF3/2Jesus Datolo
10%
1992DF13/0Jorge Borelli
10%
1999DF1/0Jorge San Esteban
10%
1991MF8/0Jose Luis Villarreal
10%
2011DF5/0Leandro Desabato
10%
1991MF32/1Leonardo Astrada
10%
2004MF6/0Lucas Bernardi
10%
2011MF2/1Luciano Aued
10%
2017MF3/1Manuel Lanzini
10%
2011MF1/0Mauro Formica
10%
2011MF1/0Maximiliano Moralez
10%
2015DF2/0Milton Casco
10%
1989DF11/2Nestor Craviotto
10%
1987DF22/2Nestor Fabbri
10%
1988DF13/1Nestor Lorenzo
10%
2007MF4/0Pablo Ledesma
10%
1995DF4/0Pablo Rotchen
10%
1988DF15/1Pedro Monzon
10%
1991FW17/5Ramon Medina Bello
10%
1991DF27/1Ricardo Altamirano
10%
1995MF7/1Rodolfo Cardoso
10%
2009MF9/0Rodrigo Brana
10%
2009DF4/0Rolando Schiavi
10%
2002GK4/0Sebastian Saja
10%
2016DF3/1Victor Cuesta
10%
1991FW2/1Victor Ferreyra
10%
1991GK1/0Alejandro Lanari
5%
1992MF10/0Alejandro Mancuso
5%
1991FW4/1Antonio Mohamed
5%
2011MF2/0Ariel Cabral
5%
2000FW4/1Bernardo Romeo
5%
2003FW3/0Cesar Carignano
5%
2011DF2/0Christian Cellay
5%
1991FW6/1Diego Latorre
5%
2011FW1/0Diego Morales
5%
2011MF3/0Diego Valeri
5%
2008DF8/0Emiliano Papa
5%
2017MF3/0Emiliano Rigoni
5%
2005FW1/0Ernesto Farias
5%
2009DF7/0Fabian Monzon
5%
2009MF4/0Fabian Rinaudo
5%
2015MF2/1Federico Mancuello
5%
2005MF6/0Fernando Belluschi
5%
1991DF15/0Fernando Gamboa
5%
2003GK1/0Franco Costanzo
5%
2010MF1/0Franco Razzotti
5%
2009MF1/0Franco Zuculini
5%
1995DF4/0Gabriel Schurer
5%
1991MF1/0Gerardo Martino
5%
1989GK6/0Hernan Cristante
5%
1996MF9/2Hugo Morales
5%
2009DF3/1Ignacio Canuto
5%
2007DF3/0Jonathan Bottinelli
5%
1980DF13/0Juan Simon
5%
1992MF3/0Julio Zamora
5%
2005MF5/0Leandro Somoza
5%
2003MF8/0Leonardo Ponzio
5%
2009DF3/0Leonel Vangioni
5%
2000MF5/0Lucas Castroman
5%
2013DF2/0Lucas Orban
5%
2010FW3/0Lucas Viatri
5%
2000MF13/1Luciano Galletti
5%
1994MF9/1Marcelo Escudero
5%
1994MF15/1Marcelo Espina
5%
2011FW1/1Marco Ruben
5%
2007FW1/0Mariano Pavone
5%
2004MF7/1Mario Santana
5%
1997FW3/0Martin Posse
5%
2009DF6/0Matias Caruzzo
5%
1989MF19/1Nestor Gorosito
5%
2011MF2/0Nicolas Bertolo
5%
2010DF1/0Nicolas Pareja
5%
1995FW2/0Omar Asad
5%
2010DF1/0Pablo Goltz
5%
2003MF16/0Pablo Guinazu
5%
2011FW5/2Pablo Mouche
5%
1996DF14/1Pablo Paz
5%
1996MF2/0Patricio Camps
5%
2010MF2/0Patricio Toranzo
5%
1993MF4/0Roberto Monserrat
5%
1994DF6/0Rodolfo Arruabarrena
5%
2012DF3/0Santiago Vergini
5%
2009MF1/0Sebastian Prediger
5%
1994FW2/0Turu Flores
5%
2010MF1/0Walter Acevedo
5%
2010MF1/0Walter Erviti
5%
2010GK3/0Adrian Gabbarini
0%
1983MF15/0Alberto Marcico
0%
2005MF3/0Aldo Duscher
0%
2009DF1/0Alexis Ferrero
0%
2004MF1/0Ariel Ibagaza
0%
2010DF1/0Carlos Matheu
0%
1995FW1/0Claudio Biaggio
0%
2011MF3/1Claudio Yacob
0%
2010DF1/0Cristian Villagra
0%
2005MF3/1Daniel Bilos
0%
1991MF5/1Daniel Bisconti
0%
2007MF3/0Daniel Montenegro
0%
1992FW1/0Dario Scotto
0%
1987MF6/0Dario Siviski
0%
2000DF2/0Diego Crosa
0%
2005DF2/0Eduardo Tuzzio
0%
2011FW1/0Emmanuel Gigliotti
0%
2005DF1/0Fabricio Fuentes
0%
2010MF1/2Facundo Bertoglio
0%
2008FW4/0Fernando Cavenaghi
0%
1995MF1/0Fernando Galetto
0%
1999FW2/0Fernando Pandolfi
0%
2012MF1/0Francisco Cerro
0%
2009FW5/3Gabriel Hauche
0%
2012DF5/0Gino Peruzzi
0%
1996MF1/0Guillermo Morigi
0%
1997DF2/0Gustavo Lombardi
0%
2011MF2/0Hector Canteros
0%
2009MF1/0Hernan Bernardello
0%
2011DF2/0Ismael Quilez
0%
2011DF5/0Ivan Pillud
0%
2011FW1/0Jonatan Cristaldo
0%
1996MF3/1Jose Albornoz
0%
1995FW3/0Juan Esnaider
0%
2010MF3/0Juan Ignacio Mercier
0%
2009DF2/0Juan Insaurralde
0%
2011DF1/0Julian Velazquez
0%
1992MF3/0Julio Saldana
0%
2003MF1/0Leandro Romagnoli
0%
2010DF1/0Leonel Galeano
0%
1994MF1/0Luis Alberto Carranza
0%
2010DF1/0Mariano Echeverria
0%
2005MF1/0Martin Romagnoli
0%
2009MF2/1Matias Defederico
0%
2011MF2/0Mauricio Sperduti
0%
2010GK1/0Nelson Ibanez
0%
2010MF1/0Nicolas Olmedo
0%
2012MF1/0Oscar Ahumada
0%
1996GK2/0Oscar Passet
0%
1995DF3/0Roberto Trotta
0%
1994FW8/3Sebastian Rambert
0%
1996DF1/0Victor Sotomayor
0%
2011MF6/0Walter Montillo
0%

Score Distribution

Percentile by Number Answered

Percent of People with Each Score

Your Score History

You have not taken this quiz